Responses for Show #3975 - Friday, December 7, 2001

Kathy Cassity game 5.

(Cheryl: I'm Cheryl of the Clue Crew. Welcome to clue time at the Apollo, next on Jeopardy!)

Contestants

[<< previous game]

Bill O'Donnell, a national park ranger from Eminence, Missouri

Jaclyn Whitehorn, a user service consultant from Tuscaloosa, Alabama

Kathy Cassity, a closed captioner from Honolulu, Hawaii (whose 4-day cash winnings total $59,200)

[next game >>]

Jeopardy! Round responses

STATE TREES
GETTING DOWN TO BUSINESS
(Alex: As Cheryl indicated, we're going to spend some time at...)
THE APOLLO THEATER
PARTY HOPPING
HAPPY TO BE A "BUM"
OH, THE HUMANITIES!
    $200 2
Hawaii

Bill
    $200 19
Boeing

Kathy
    $200 26
hope

Bill
    $200 16
Abraham Lincoln

Bill
    $200 4
bumblebees

Kathy
    $200 1
love

Bill
    $400 3
(Alex: Woof, woof!)

dogwood

Jaclyn
    $400 20
(Alex: Manny, Moe & Jack.)

Pep Boys

Bill
    $400 27
Bill Bradley

Triple Stumper
    $400 17
Ronald Reagan

Kathy
    $400 7
(Alex: That's a nice one, isn't it!)

bumper sticker

Bill
    $400 5
Lutheran

Kathy
    $600 8
magnolia

Bill
    $600 23
Steve Jobs

Kathy
    $600 28
Bill Cosby

Bill
    $600 18
Jim Jeffords

Jaclyn
    $600 13
bum steer

Jaclyn
    $600 6
Marco Polo

Jaclyn
    $800 9
oak

Bill
    $800 24
Black & Decker

Jaclyn
    $800 29
(Alex: And you noticed the spelling of "a-maize-ing"!)

Korn

Jaclyn
    $800 21
Strom Thurmond

Kathy
    $800 14
bumpkin

Bill
    $800 11
Voltaire

Kathy
    $1,000 10
Alaska

Bill
    $1000 25
(Kathy: What is IBM?)
...
(Alex: Minute to go, Jaclyn.)

NCR (formerly known as National Cash Register)

Kathy
Triple Stumper
    $1000 30
Billie Holiday

Kathy
    $1000 22
Ben Nighthorse Campbell

Triple Stumper
    $1000 15
bumbershoot

Bill
    $1000 12
Petrarch

Triple Stumper

Scores at the first commercial break (after clue 15):

Kathy Jaclyn Bill
$1,400 $1,600 $5,000

Scores at the end of the Jeopardy! Round:

Kathy Jaclyn Bill
$3,400 $3,800 $6,400

Double Jeopardy! Round responses

BOOKS OF THE BIBLE
BEST ACTRESS OSCAR WINNERS
LLOYDERING
(Alex: Our spelling is suffering a lot!)
BELOVED BOLIVIA
PICK A NUMBER FROM 1-10
OH, THE HUGE MANATEES!
(Alex: Not the humanities!)
    $400 1
Matthew

Kathy
    $400 26
Gwyneth Paltrow

Kathy
    $400 21
Frank Lloyd Wright

Bill
    $400 6
the Andes

Kathy
    $400 13
(Jackson) 5

Bill
    $400 11
(Kathy: What are fingernails?)

nails

Kathy
    $800 2
(Kathy: Who is Ruth?)

Esther

Kathy
Triple Stumper
    $800 27
Jane Fonda

Kathy
    $800 22
Lloyd Bridges

Kathy
    $800 7
Che Guevara

Bill
    $800 16
nine

Kathy
    $800 12
blubber

Kathy
    $1200 3
Ecclesiastes

Kathy
    $1200 28
Kathy Bates

Jaclyn
    $1200 23
(Alex: Minute to go, Kathy.)

Andrew Lloyd Webber

Triple Stumper
    $1200 8
Lake Titicaca

Bill
    $1,600 17
(Kathy: What is 10?)
...
(Alex: Squared and then cubed.)

3

Kathy
    $1200 14
Florida

Bill
    $1600 4
Kings

Bill
    $1600 29
Faye Dunaway

Kathy
    $1600 24
Lloyd Bentsen

Kathy
    $1600 9
alpaca

Bill
    $1600 18
7

Kathy
    $1600 15
cow

Jaclyn
    $4,000 5
(Bill: What is Job?)

Lamentations

Bill
    $2000 30
(Alex: Kathy, not quite a runaway!)

Glenda Jackson

Kathy
    $2000 25
William Lloyd Garrison

Triple Stumper
    $2000 10
(Bill: What is Ecuador?)
(Jaclyn: What is Belize?)

Paraguay

JaclynBill
Triple Stumper
    $2000 19
2

Triple Stumper
    $2000 20
lungs

Jaclyn

Scores at the end of the Double Jeopardy! Round:

Kathy Jaclyn Bill
$13,800 $6,600 $7,600

[wagering suggestions for these scores]

Final Jeopardy! Round responses

COUNTRIES OF THE WORLD
(Alex: Kathy, you're going away in good shape with 59 grand. That's pretty good. You might wind up in our Tournament of Champions!)
JaclynWhat is Nepal?
$6,300
BillWhat is Nepal?
$7,500
KathyWhat is India Sri Lanka
$1,400
Nepal

Final scores:

Kathy Jaclyn Bill
$12,400 $12,900 $15,100
3rd place: Trip to La Costa Resort & Spa, San Diego 2nd place: Trip to Palm Island Resort, The Grenadines New champion: $15,100

Game dynamics:

Coryat scores:

Kathy Jaclyn Bill
$15,400 $6,600 $11,600
21 R,
3 W
(including 1 DD)
9 R,
1 W
19 R
(including 1 DD),
2 W
(including 1 DD)

Combined Coryat: $33,600

[game clues] [game scores] [suggest correction]

Game tape date: 2001-09-05
The J! Archive is created by fans, for fans. Scraping, republication, monetization, and malicious use prohibited; this site may use cookies and collect identifying information. See terms. The Jeopardy! game show and all elements thereof, including but not limited to copyright and trademark thereto, are the property of Jeopardy Productions, Inc. and are protected under law. This website is not affiliated with, sponsored by, or operated by Jeopardy Productions, Inc. Join the discussion at JBoard.tv.